000 01058nam a2200229Ia 4500
003 Ost
005 20260507075218.0
008 260507s9999||||xx |||||||||||||| ||und||
040 _cfsecg
041 _aara
082 _a330
100 _aعبد النبي، محمد أحمد
_eمؤلف
245 0 _aالأسواق المالية :
_bالأصول العلمية و التحليل الأساسي /
_c محمد أحمد عبد النبي
260 _aعمان:
_bدار زمزم,
_c2009
300 _a153 صفحة؛
_c24 سم
504 _aمراجع ص.155
520 _aاهمية النظام المالي والاسواق المالية وكفاءتها وكذا الادوات المالية التي تعتبر محل التعامل في الاسواق بالاضافة الى تحليل الظروف الاقتصادية وتحليل ظروف الصناعة و ظروف الشركة.
653 _aالأسواق المالية
653 _aالتحليل الإقتصادي
653 _aالتحليل المالي
942 _cكتاب
999 _c43509
_d43509